000 00937nam a22002417a 4500
003 NALT
005 20251125233125.0
008 s2558 th tha d
020 _a9786163880147
040 _aNALT
041 _atha
050 _aDD 404
_bม337พ 2558
100 0 _aมัณฑิรา
_935992
245 1 0 _aพระเจ้าเฟรเดริคมหาราช =
_bFrederick the Great /
_cโดย มัณฑิรา.
260 _aกรุงเทพฯ :
_bแสงดาว,
_c2558.
300 _a203 หน้า :
_bภาพประกอบ ;
_c19 ซม.
600 1 4 _aเฟรเดริคมหาราช,
_cพระเจ้า,
_dค.ศ. 1712-1786
_936003
850 _aNALT
856 4 0 _uhttps://hdl.handle.net/20.500.14156/519734
942 _cGB
_2lcc
996 _asaiphon.d
_bCATSTF
_c2025-10-28
999 _c74289
_d74289
998 _j104
_k นางสาวสายฝน ดีงาม